Le Corbusier /
Descripción Física:
128 pàg. : il. ; 26 cm
Colección:
Masters of World Architecture
Materias:
Le Corbusier, -- 1887-1965
; Fons Joan Junyer i Pascual (1909-1994)
; Arquitectes -- França -- Le Corbusier
Idioma:
English
MARC
| LEADER | 00000nam a22000004a 4500 | ||
|---|---|---|---|
| 001 | 24767 | ||
| 003 | AGDB | ||
| 005 | 20260324181536.0 | ||
| 008 | 911115s1960 xxu|||||| 000 ||eng|c | ||
| 035 | |a (ES-BaCBU).b13255629 | ||
| 040 | |a ES-BaCBU |b cat |c ES-BaCBU | ||
| 041 | |a eng | ||
| 080 | |a 72(494)(LeC) | ||
| 080 | |a 72(LeCorbusier) | ||
| 100 | |a Choay, Françoise, |d 1925-2025 |9 72534 | ||
| 245 | 1 | 0 | |a Le Corbusier / |c by Françoise Choay |
| 260 | |a New York : |b George Braziller , |c 1960 | ||
| 300 | |a 128 pàg. : |b il. ; |c 26 cm | ||
| 490 | 1 | |a The Masters of world architecture series | |
| 500 | |a Prové del fons Joan Junyer i Pascual (1909-1994) | ||
| 600 | 0 | |a Le Corbusier, |d 1887-1965 |2 lemac |9 72535 | |
| 650 | |a Fons Joan Junyer i Pascual (1909-1994) |9 72777 | ||
| 650 | 0 | 0 | |a Arquitectes |z França |x Le Corbusier |9 72539 |
| 830 | 0 | |a Masters of World Architecture | |
| 907 | |a .b13255629 |b 28-04-21 |c 07-05-08 |d 15-11-91 |e m |f a |g - |h eng |i xxu |j 0 |k 1 | ||
| 908 | |a COAC |a MACBA | ||
| 942 | |2 udc |c ARXIU |n 1 | ||
| 952 | |0 0 |1 0 |4 0 |6 F50493 |7 1 |9 98498 |a Arxiu |b Arxiu |d 2025-10-17 |l 0 |o F-504-93 |p 24767 |r 2025-10-17 11:39:45 |w 2025-10-17 |y ARXIU | ||
| 999 | |c 130251 |d 130251 | ||